Le placement de marques au cinéma : Proposition de la localisation du placement à l’écran comme nouveau facteur d’efficacité potentielle (notice n° 1587942)
[ vue normale ]
| 000 -LEADER | |
|---|---|
| fixed length control field | 01987cam a2200169 4500500 |
| 005 - DATE AND TIME OF LATEST TRANSACTION | |
| control field | 20251228061922.0 |
| 041 ## - LANGUAGE CODE | |
| Language code of text/sound track or separate title | fre |
| 042 ## - AUTHENTICATION CODE | |
| Authentication code | dc |
| 100 10 - MAIN ENTRY--PERSONAL NAME | |
| Personal name | Lehu, Jean-Marc |
| Relator term | author |
| 245 00 - TITLE STATEMENT | |
| Title | Le placement de marques au cinéma : Proposition de la localisation du placement à l’écran comme nouveau facteur d’efficacité potentielle |
| 260 ## - PUBLICATION, DISTRIBUTION, ETC. | |
| Date of publication, distribution, etc. | 2005.<br/> |
| 500 ## - GENERAL NOTE | |
| General note | 100 |
| 520 ## - SUMMARY, ETC. | |
| Summary, etc. | Le placement de marques et/ou de produits au cinéma paraît susciter un intérêt croissant chez les annonceurs. Après avoir rappelé le principe de la technique du placement de marques et présenté les principales motivations des utilisateurs, cet article propose d’analyser les critères d’utilisation retenus par les professionnels du placement de marques au cinéma. L’article combine une étude qualitative auprès d’un groupe d’experts, une analyse technique d’un long métrage (Minority Report) et une recherche exploratoire à l’aide d’une étude quantitative sur un échantillon de vidéophiles. Un nouveau facteur d’efficacité potentielle du placement de marques est mis en évidence : la localisation du placement à l’écran. |
| 520 ## - SUMMARY, ETC. | |
| Summary, etc. | Brand and/or product placement in movies generates a growing interest amongst advertisers. After recalling the principles of the technique and presenting the managers’ main motivations to adopt brand placement, this paper analyses the criteria used by professionals when adopting this technique. The paper combines a qualitative survey of a group of experts with both a technical analysis of a full-length film (Minority Report) and an exploratory research based on a quantitative survey on a sample of video viewers. A new potential efficiency factor for brand placement is highlighted : on-screen placement location. |
| 786 0# - DATA SOURCE ENTRY | |
| Note | Décisions Marketing | 37 | 1 | 2005-01-01 | p. 17-31 | 0779-7389 |
| 856 41 - ELECTRONIC LOCATION AND ACCESS | |
| Uniform Resource Identifier | <a href="https://shs.cairn.info/revue-decisions-marketing-2005-1-page-17?lang=fr&redirect-ssocas=7080">https://shs.cairn.info/revue-decisions-marketing-2005-1-page-17?lang=fr&redirect-ssocas=7080</a> |
Pas d'exemplaire disponible.




Réseaux sociaux